Villes situées sur une frontière - Mort Subite - Statistiques

Statistiques générales
  • Ce quiz a été pris 329 fois
  • Le résultat moyen est 5 sur 20
Answers on the Grid
Answers color-coded by a green-red scale on the quiz's grid according to % correct below.
Aix-la-Chapelle
Anvers
Bâle
Bangui
Bratislava
Brazzaville
Detroit
El Paso
Genève
Kinshasa
Mulhouse
Mexicali
N'Djamena
Rome
San Diego
Sarrebruck
Strasbourg
Tijuana
Trieste
Vientiane
Vienne
Brno
Berlin
Groningue
Houston
Caracas
Paramaribo
Doha
Kandahar
Calcutta
Phnom Penh
Nice
 
Statistiques - réponses
Réponse % Correct
Genève
52%
Strasbourg
52%
Bâle
40%
Brazzaville
38%
Kinshasa
34%
Detroit
29%
El Paso
26%
Mulhouse
26%
Tijuana
26%
Trieste
26%
Rome
24%
Aix-la-Chapelle
23%
San Diego
22%
Bratislava
21%
Sarrebruck
19%
Anvers
15%
Vientiane
11%
N'Djamena
8%
Mexicali
6%
Bangui
4%
Aucun quiz correspondant
Distribution des résultats
% des personnes avec chaque résultat
Percentile par nombre de réponses
Votre historique - résultats
Vous n’avez pas pris ce quiz